Rome, global dreams and the international origins of an empire /
In Rome, Global Dreams, and the International Origins of an Empire, Sarah Davies explores how the Roman Republic evolved, in ideological terms, into an "Empire without end." This work stands out within Roman imperialism studies by placing a distinct emphasis on the role of international-le...
Main Author:
Format: eBook
Language: English
Published:
Leiden Boston :
BRILL,
2019.
Series:
Impact of Empire;
volume35.
Classical Studies E-Books Online, Collection 2020, ISBN: 9789004393820.
Subjects:
Online Access: Login to view Source
Tags: Add Tag
Call Number: DG231 .D385 2019
| LEADER | 03504cam a22005178i 4500 | ||
|---|---|---|---|
| 001 | BRILL9789004411906 | ||
| 003 | nllekb | ||
| 005 | 20230529212356.0 | ||
| 006 | m d | ||
| 007 | cr un uuuua | ||
| 008 | 190726s2019 ne b 001 0 eng c | ||
| 020 | |a 9789004411906 |q (electronic book) | ||
| 020 | |z 9789004412262 |q (print) | ||
| 024 | 7 | |a 10.1163/9789004411906 |2 DOI | |
| 035 | |a (OCoLC)1104073760 (print ed.) | ||
| 040 | |a NL-LeKB |c NL-LeKB |e rda | ||
| 043 | |a e------ |a aw----- |a ff----- | ||
| 050 | 0 | 0 | |a DG231 |b .D385 2019 |
| 072 | 7 | |a HBLA1 |2 bicssc | |
| 072 | 7 | |a HIS |x 002000 |2 bisacsh | |
| 072 | 7 | |a HIS |x 039000 |2 bisacsh | |
| 082 | 0 | 0 | |a 937 |2 23 |
| 100 | 1 | |a Davies, Sarah H. |q (Sarah Helen), |e author. | |
| 245 | 1 | 0 | |a Rome, global dreams and the international origins of an empire / |c by Sarah H. Davies. |
| 264 | 1 | |a Leiden Boston : |b BRILL, |c 2019. | |
| 300 | |a 1 online resource. | ||
| 336 | |a text |b txt |2 rdacontent | ||
| 337 | |a computer |b c |2 rdamedia | ||
| 338 | |a online resource |2 rdacarrier | ||
| 490 | 1 | |a Impact of Empire; |v volume35 | |
| 490 | 1 | |a Classical Studies E-Books Online, Collection 2020, ISBN: 9789004393820 | |
| 500 | |a Extensive and substantial revision of the author's thesis (doctoral)--University of Texas at Austin, 2012, titled Rome, international power relations, and 146 BCE. | ||
| 504 | |a Includes bibliographical references and index. | ||
| 505 | 0 | 0 | |t Front Matter -- Copyright Page / |r Sarah H. Davies -- Dedication / |r Sarah H. Davies -- Abbreviations / |r Sarah H. Davies -- Introduction / |r Sarah H. Davies -- Pan-Hellenism Goes Global / |r Sarah H. Davies -- The Problem of Rome's Politeia / |r Sarah H. Davies -- The Majesty of Rome / |r Sarah H. Davies -- A Cloud from the West / |r Sarah H. Davies -- A Liminal Finale / |r Sarah H. Davies -- Conclusion: Roma Aeterna / |r Sarah H. Davies -- Back Matter -- Bibliography / |r Sarah H. Davies -- Index / |r Sarah H. Davies. |
| 520 | |a In Rome, Global Dreams, and the International Origins of an Empire, Sarah Davies explores how the Roman Republic evolved, in ideological terms, into an "Empire without end." This work stands out within Roman imperialism studies by placing a distinct emphasis on the role of international-level norms and concepts in shaping Roman imperium. Using a combination of literary, epigraphic, and numismatic evidence, Davies highlights three major factors in this process. First is the development, in the third and second centuries BCE, of a self-aware international community with a cosmopolitan vision of a single, universalizing world-system. Second is the misalignment of Rome's polity and concomitant diplomatic practices with those of its Hellenistic contemporaries. And third is contemporary historiography, which inserted Rome into a cyclical (and cosmic) rise-and-fall of great power. | ||
| 559 | 0 | 0 | |a DG231 .D385 2019 |
| 650 | 0 | |a Imperialism. | |
| 651 | 0 | |a Rome |x History |y Republic, 510-30 B.C. | |
| 651 | 0 | |a Rome |x History |y Empire, 30 B.C.-476 A.D. | |
| 776 | 0 | 8 | |i Print version: |t Rome, global dreams and the international origins of an empire, |d Leiden Boston: BRILL, 2019 |w 9789004412262 |
| 830 | 0 | |a Impact of Empire; |v volume35. | |
| 830 | 0 | |a Classical Studies E-Books Online, Collection 2020, ISBN: 9789004393820. | |
| 856 | 4 | |z DOI: |u http://dx.doi.org/10.1163/9789004411906 | |
| 942 | |2 lcc |c EBOOK | ||
| 952 | |0 0 |1 0 |2 lcc |4 0 |6 DG0231 D385 02019 |7 1 |9 48778 |a BRILL |b BRILL |d 2023-05-29 |l 0 |o DG231 .D385 2019 |r 2023-05-29 00:00:00 |w 2023-05-29 |y EBOOK | ||
| 999 | |c 54122 |d 54122 | ||
